<?xml version="1.0" encoding="UTF-8"?>
<record
    xmlns:xsi="http://www.w3.org/2001/XMLSchema-instance"
    xsi:schemaLocation="http://www.loc.gov/MARC21/slim http://www.loc.gov/standards/marcxml/schema/MARC21slim.xsd"
    xmlns="http://www.loc.gov/MARC21/slim">

  <leader>01308nas a2200277 454500</leader>
  <controlfield tag="001">12786</controlfield>
  <controlfield tag="005">20260407193504.0</controlfield>
  <controlfield tag="008">260407s2004####ag###########|||spa#d</controlfield>
  <controlfield tag="003">AR-UNSa-BCEJYS</controlfield>
  <datafield tag="040" ind1=" " ind2=" ">
    <subfield code="a">AR-UNSa-BCEJYS</subfield>
    <subfield code="b">spa</subfield>
    <subfield code="c">AR-UNSa-BCEJYS</subfield>
  </datafield>
  <datafield tag="080" ind1=" " ind2=" ">
    <subfield code="a">657.47</subfield>
    <subfield code="x">Contabilidad de Costos</subfield>
  </datafield>
  <datafield tag="245" ind1="1" ind2="0">
    <subfield code="a">Costos y gesti&#xF3;n</subfield>
    <subfield code="p">Revista del Instituto Argentino de Profesores Universitarios de Costos</subfield>
  </datafield>
  <datafield tag="022" ind1=" " ind2=" ">
    <subfield code="a">0327-5345</subfield>
  </datafield>
  <datafield tag="264" ind1=" " ind2="1">
    <subfield code="a">Buenos Aires :</subfield>
    <subfield code="b">La Ley</subfield>
    <subfield code="c">2004</subfield>
  </datafield>
  <datafield tag="310" ind1=" " ind2=" ">
    <subfield code="a">Frecuencia: Trimestral</subfield>
  </datafield>
  <datafield tag="520" ind1=" " ind2=" ">
    <subfield code="a">Esta publicaci&#xF3;n ha adquirido prestigio a nivel nacional e internacional en la especialidad, a lo largo de sus ediciones. El contenido es seleccionado por un Consejo Editorial, integrado por el Director de la Revista, un representante de la Comisi&#xF3;n Directiva y un representante de la Comisi&#xF3;n T&#xE9;cnica. El editor responsable de la misma recae en persona del Presidente del IAPUCO.</subfield>
  </datafield>
  <datafield tag="041" ind1=" " ind2=" ">
    <subfield code="a">spa</subfield>
  </datafield>
  <datafield tag="942" ind1=" " ind2=" ">
    <subfield code="c">SER</subfield>
  </datafield>
  <datafield tag="590" ind1=" " ind2=" ">
    <subfield code="a">niveau_biblio:s niveau_hierar:1</subfield>
  </datafield>
  <datafield tag="100" ind1="1" ind2=" ">
    <subfield code="a">Lavolpe, Antonio</subfield>
  </datafield>
  <datafield tag="700" ind1="1" ind2=" ">
    <subfield code="a">IAPUCO (Instituto Argentino de Profesores Universitarios de Costos)</subfield>
  </datafield>
  <datafield tag="650" ind1=" " ind2=" ">
    <subfield code="a">CONTABILIDAD</subfield>
  </datafield>
  <datafield tag="650" ind1=" " ind2=" ">
    <subfield code="a">Contabilidad de costos</subfield>
  </datafield>
  <datafield tag="650" ind1=" " ind2=" ">
    <subfield code="a">Gesti&#xF3;n</subfield>
  </datafield>
  <datafield tag="856" ind1="4" ind2="1">
    <subfield code="u">https://biblioeco.unsa.edu.ar/pmb/images/revistas/Costos y Gestion.jpg</subfield>
    <subfield code="y">Imagen de portada</subfield>
    <subfield code="q">image/jpeg</subfield>
  </datafield>
  <datafield tag="999" ind1=" " ind2=" ">
    <subfield code="c">8452</subfield>
    <subfield code="d">8452</subfield>
  </datafield>
  <datafield tag="952" ind1=" " ind2=" ">
    <subfield code="0">0</subfield>
    <subfield code="1">0</subfield>
    <subfield code="4">0</subfield>
    <subfield code="7">0</subfield>
    <subfield code="a">BCEJYS</subfield>
    <subfield code="b">BCEJYS</subfield>
    <subfield code="c">17</subfield>
    <subfield code="d">2005-12-01</subfield>
    <subfield code="h">A&#xF1;o 15, N&#xBA; 58 - dic. 2005</subfield>
    <subfield code="l">0</subfield>
    <subfield code="o">H657.47 COS 58</subfield>
    <subfield code="p">R01796</subfield>
    <subfield code="r">2026-04-10 16:07:17</subfield>
    <subfield code="w">2026-04-10</subfield>
    <subfield code="y">RN</subfield>
  </datafield>
  <datafield tag="952" ind1=" " ind2=" ">
    <subfield code="0">0</subfield>
    <subfield code="1">0</subfield>
    <subfield code="4">0</subfield>
    <subfield code="7">0</subfield>
    <subfield code="a">BCEJYS</subfield>
    <subfield code="b">BCEJYS</subfield>
    <subfield code="c">17</subfield>
    <subfield code="d">2005-09-01</subfield>
    <subfield code="h">A&#xF1;o 15, N&#xBA; 57 - sep. 2005</subfield>
    <subfield code="l">0</subfield>
    <subfield code="o">H657.47 COS 57</subfield>
    <subfield code="p">R01704</subfield>
    <subfield code="r">2026-04-10 16:07:17</subfield>
    <subfield code="w">2026-04-10</subfield>
    <subfield code="y">RN</subfield>
  </datafield>
  <datafield tag="952" ind1=" " ind2=" ">
    <subfield code="0">0</subfield>
    <subfield code="1">0</subfield>
    <subfield code="4">0</subfield>
    <subfield code="7">0</subfield>
    <subfield code="a">BCEJYS</subfield>
    <subfield code="b">BCEJYS</subfield>
    <subfield code="c">17</subfield>
    <subfield code="d">2004-12-01</subfield>
    <subfield code="h">A&#xF1;o 14, N&#xBA; 54 - dic. 2004</subfield>
    <subfield code="l">0</subfield>
    <subfield code="o">H657.47 COS 54</subfield>
    <subfield code="p">R06280</subfield>
    <subfield code="r">2026-04-10 16:07:17</subfield>
    <subfield code="w">2026-04-10</subfield>
    <subfield code="y">RN</subfield>
  </datafield>
  <datafield tag="952" ind1=" " ind2=" ">
    <subfield code="0">0</subfield>
    <subfield code="1">0</subfield>
    <subfield code="4">0</subfield>
    <subfield code="7">0</subfield>
    <subfield code="a">BCEJYS</subfield>
    <subfield code="b">BCEJYS</subfield>
    <subfield code="c">17</subfield>
    <subfield code="d">2004-09-01</subfield>
    <subfield code="h">A&#xF1;o 13, N&#xBA; 53 - sep. 2004</subfield>
    <subfield code="l">0</subfield>
    <subfield code="o">H657.47 COS 53</subfield>
    <subfield code="p">R06279</subfield>
    <subfield code="r">2026-04-10 16:07:17</subfield>
    <subfield code="w">2026-04-10</subfield>
    <subfield code="y">RN</subfield>
  </datafield>
  <datafield tag="952" ind1=" " ind2=" ">
    <subfield code="0">0</subfield>
    <subfield code="1">0</subfield>
    <subfield code="4">0</subfield>
    <subfield code="7">0</subfield>
    <subfield code="a">BCEJYS</subfield>
    <subfield code="b">BCEJYS</subfield>
    <subfield code="c">17</subfield>
    <subfield code="d">1991-09-01</subfield>
    <subfield code="h">A&#xF1;o I, N&#xBA; 1 - sep. 1991</subfield>
    <subfield code="l">0</subfield>
    <subfield code="o">H657.47 COS 1</subfield>
    <subfield code="p">R08752</subfield>
    <subfield code="r">2026-04-10 16:07:17</subfield>
    <subfield code="w">2026-04-10</subfield>
    <subfield code="y">RN</subfield>
    <subfield code="z">TAPA Y HOJAS SUELTAS - </subfield>
  </datafield>
</record>
